| 000 | 01009nam a2200277Ia 4500 | ||
|---|---|---|---|
| 001 | Para_10345 | ||
| 003 | CHAP | ||
| 008 | 220125sNovi xx 000 0 und d | ||
| 010 | _a209002 | ||
| 040 | _cCHAP | ||
| 090 | _aPA CD - TESIS 374 | ||
| 100 |
_aHernández Valencia, Miguel Ángel _954692 |
||
| 245 |
_aPérdidas ocasionadas por Fusarium Spp. En genotipos de trigo (triticum aestivul L. ) de temporal trtados con y sin fungicida / _c Miguel Ángel Hernández Valencia; Director Santos Gerardo Leyva Mir |
||
| 260 |
_aChapingo, Méx. : _b el autor |
||
| 300 | _a1 CDS ROM (42 p.) | ||
| 502 | _aTesis (M.C. en Protección Vegetal). UACh. Departamento Parasitología Agrícola | ||
| 700 |
_aLeyva Mir, Santos Gerardo. Director _9171335 |
||
| 710 | _aUACh Departamento Parasitología Agrícola | ||
| 901 | _aPA CD - TESIS 374 | ||
| 902 | _aM | ||
| 905 | _a513220Noviembre, 2014 am 8100000000 06 | ||
| 910 | _aNovi | ||
| 942 | _cPARA | ||
| 942 |
_cPARA _d2 |
||
| 999 |
_c209002 _d209002 |
||